| Tag |
First Indicator |
Second Indicator |
Subfields |
| LEADER |
00000cam a22000008a 4500 |
| 001 |
in00000072627 |
| 005 |
20151008054553.0 |
| 008 |
810915s1982 njua b 00110 eng |
| 010 |
|
|
|a 81015736
|
| 020 |
|
|
|a 0130389439
|
| 035 |
|
|
|a (OCoLC)07835911
|
| 035 |
|
|
|9 AAJ1044AM
|
| 039 |
0 |
|
|a 2
|b 3
|c 3
|d 3
|e 3
|
| 040 |
|
|
|a DLC
|c DLC
|d TXA
|d UtOrBLW
|
| 049 |
|
|
|a TXAM
|c [800720]
|
| 050 |
0 |
0 |
|a QA76.6
|b .M3613
|
| 082 |
0 |
|
|a 001.64
|2 19
|
| 100 |
1 |
|
|a Martin, James,
|d 1933-2013.
|
| 245 |
1 |
0 |
|a Application development without programmers /
|c James Martin.
|
| 263 |
|
|
|a 8111
|
| 264 |
|
1 |
|a Englewood Cliffs, N.J. :
|b Prentice-Hall,
|c 1982.
|
| 300 |
|
|
|a xvi, 350 pages :
|b illustrations ;
|c 25 cm.
|
| 336 |
|
|
|a text
|b txt
|2 rdacontent
|
| 337 |
|
|
|a unmediated
|b n
|2 rdamedia
|
| 338 |
|
|
|a volume
|b nc
|2 rdacarrier
|
| 500 |
|
|
|a "A James Martin book."
|
| 500 |
|
|
|a Illustrations on lining papers.
|
| 504 |
|
|
|a Includes bibliographical references and index.
|
| 650 |
|
0 |
|a Computer programming.
|
| 650 |
|
0 |
|a Electronic data processing.
|
| 999 |
|
|
|a MARS
|
| 999 |
f |
f |
|s 545f23d0-23f5-38a0-822e-fe8e14022307
|i fa552735-4b49-3dfc-9b0f-b331252f426a
|t 0
|
| 952 |
f |
f |
|p ric
|a Texas A&M University
|b Rellis Campus
|c Joint Library Facility
|d Remote Storage
|t 0
|e QA76.6 .M3613
|h Library of Congress classification
|i unmediated -- volume
|m A14806467671
|
| 998 |
f |
f |
|a QA76.6 .M3613
|t 0
|l Remote Storage
|